[Event "Bucharest ROM GP"]
[Site "Bucharest"]
[Date "2025.05.10"]
[Round "4"]
[White "Cnejev, Vladimir Alexandru"]
[Black "Sandu, Andrei Stefan"]
[Result "1-0"]
[WhiteElo "2350"]
[BlackElo "1837"]
[PlyCount "35"]
[EventDate "2025.05.10"]
[EventType "swiss"]
[EventRounds "10"]
[EventCountry "ROU"]
[SourceTitle "CB20_2025"]
[SourceDate "2025.05.14"]
[SourceVersion "1"]
[SourceVersionDate "2025.05.14"]
[SourceQuality "1"]

1. e4 e6 2. d4 d5 3. e5 c5 4. c3 Nc6 5. Nf3 Qb6 6. Bd3 Bd7 7. dxc5 Bxc5 8. 0-0 a5 9. Nbd2 a4 10. Qe2 Nge7 11. b4 axb3 12. Nxb3 Ba3 13. Bd2 Bb2 14. Be3 d4 15. Nfxd4 Nxe5 16. Nf5 Qc6 17. Be4 Qxe4 18. Nd6+ 1-0